000
00308nam a22001337a 4500
008
180928b xxu||||| |||| 00| 0 eng d
020
_a
9780306453953
041
_a
eng
080
_a
340
100
_a
15
101
_a
SHJ
245
_a
Current Societal concerns about Justice
_c
Montada,L
942
_2
udc
_c
BK
999
_c
48677
_d
48677